000 01055nam a2200289Ia 4500
005 20220317000039.0
008 141031s2014 mx a g 000 0 spa
020 _a9786071600073
100 1 _aBuitrago, Jairo
245 1 0 _aCamino a casa
_cJairo Buitrago ; ilustrado por Rafael Yockteng
250 _aPrimera edición.,segunda reimpresión
300 _a32 páginas
_bilustraciones a color
_c23 cm
586 _aLibro ganador del XI concurso del Álbum ilustrado A la orilla del viento
650 1 4 _2LEMB
_aÁlbumes infantiles colombianos
650 1 4 _2LEMB
_aLiteratura infantil colombiana
650 1 4 _2LEMB
_aNiños en la literatura
650 1 4 _2LEMB
_aImaginación en la literatura
650 1 4 _2LEMB
_aPobreza en la literatura
700 1 _aYockteng, Rafael
_d1976-
_916150
942 _2loc
_cBKINF
264 _aMéxico
_bFondo de Cultura Económica
_c2014
336 _atexto
_btxt
_2rdacontent
337 _asin mediación
_bn
_2rdamedia
338 _avolumen
_bnc
_2rdacarrier
040 _aCO-BoRNBP
_bspa
_erda
_cCO-BoRNBP
084 _aA BUI2
999 _c2983
_d2983